| 000 | 00463nam a2200157Ia 4500 | ||
|---|---|---|---|
| 008 | 230312s9999||||xx |||||||||||||| ||und|| | ||
| 020 | _a1-58834-074-0 | ||
| 082 |
_a523.43 _bBOY-M |
||
| 100 | _aBoyce Joseph,M. | ||
| 245 | 0 | _aSmithsonian Book Of Mars | |
| 260 |
_bSMITHSONIAN INSTITUTION PRESS _aLondon _c2002 |
||
| 300 | _a321 | ||
| 546 | _aEng. | ||
| 650 |
_aEngineering _vIntroduction to Mars , Fascination with a red planet , Difficult target |
||
| 942 | _cBK | ||
| 999 |
_c2180 _d2180 |
||